|
|
|
|
| LEADER |
02264nam a2200325 a 4500 |
| 001 |
14492762 |
| 003 |
BD-DhAAL |
| 008 |
091231r2008 maua b 001 0 eng d |
| 010 |
|
|
|a 2006026364
|
| 020 |
|
|
|a 9780070648531
|
| 020 |
|
|
|a 0070648530
|
| 020 |
|
|
|a 007313290X (acid-free paper)
|
| 040 |
|
|
|a DLC
|c DLC
|d BAKER
|d C#P
|d YDXCP
|d OCLCQ
|d DLC
|d BD-DhAAL
|
| 082 |
0 |
0 |
|a 518
|2 22
|
| 100 |
1 |
|
|a Chapra, Steven C.
|9 49286
|
| 245 |
1 |
0 |
|a Applied numerical methods with MATLAB for engineers and scientists /
|c Steven C. Chapra.
|
| 250 |
|
|
|a Second edition.(special Indian ed.)
|
| 260 |
|
|
|a Boston ;
|a New Delhi :
|b Tata McGraw-Hill Company Limited,
|c 2008.
|
| 300 |
|
|
|a xx, 588 pages :
|b illustrations ;
|c 25 cm.
|
| 504 |
|
|
|a Includes bibliographical references (p. 579) and index.
|
| 526 |
|
|
|x Fardousi Ara Begum
Assistant Professor
Department of Mathematics and Natural Sciences
Course name and no.: Introduction to Numerical Methods(MAT205)
|
| 541 |
1 |
|
|e 00019656
|
| 630 |
0 |
0 |
|a MATLAB
|v Textbooks.
|9 58756
|
| 650 |
|
0 |
|a Numerical analysis
|x Data processing
|v Textbooks.
|9 58757
|
| 852 |
4 |
|
|a Ayesha Abed Library
|j General Shelf.
|
| 942 |
0 |
0 |
|0 1
|2 ddc
|c BK
|
| 999 |
|
|
|c 6547
|d 6547
|
| 952 |
|
|
|0 0
|1 0
|2 ddc
|4 0
|6 518_CHA_200800000000000
|7 0
|9 6654
|a BRACUL
|b BRACUL
|c GEN
|d 2009-12-31
|e Trust Line International
|g 770.00
|l 19
|m 193
|o 518 CHA
|p 3010019656
|r 2026-05-19
|s 2026-04-15
|t 1
|v 1540.00
|w 2009-12-31
|y BK
|x Requisitioned by Fardousi Ara Begum, Assistant Professor, Department of MNS. Course name and no. ‘’Introduction to Numerical Methods (MAT205)’’
|
| 952 |
|
|
|0 0
|1 2
|2 ddc
|4 0
|6 518_000000000000000_CHA
|7 0
|9 6655
|a BRACUL
|b BRACUL
|c GEN
|d 2009-12-31
|e Trust Line International
|g 770.00
|l 12
|m 71
|o 518 CHA
|p 3010019657
|q 2017-04-30
|r 2016-08-31
|s 2016-08-31
|t 2
|v 1540.00
|w 2009-12-31
|y BK
|x Requisitioned by Fardousi Ara Begum, Assistant Professor, Department of MNS. Course name and no. ‘’Introduction to Numerical Methods (MAT205)’’
|
| 952 |
|
|
|0 0
|1 0
|2 ddc
|4 0
|6 518_CHA_200800000000000
|7 0
|9 6656
|a BRACUL
|b BRACUL
|c GEN
|d 2009-12-31
|e Trust Line International
|g 770.00
|l 26
|m 197
|o 518 CHA
|p 3010019658
|r 2023-01-03
|s 2020-03-09
|t 3
|v 1540.00
|w 2009-12-31
|y BK
|x Requisitioned by Fardousi Ara Begum, Assistant Professor, Department of MNS. Course name and no. ‘’Introduction to Numerical Methods (MAT205)’’
|